Zufällige Rocksongs erraten - Statistiken

Allgemein
  • Dieses Quiz wurde 22 mal gespielt
  • Das Durchschnittsergebnis liegt bei 4 aus 17
Antwortstatistiken
Hint Antwort % Korrekt
"I have hours, only lonely My love is vengeance That's never free" Behind blue eyes
50%
"Now and then when I see her face She takes me away to that special place And if I stared too long I'd probably break down and cry" Sweet child o mine
44%
"Why have you forsaken me? In your eyes forsaken me In your thoughts forsaken me In your heart forsaken me, oh" Chop Suey!
39%
"I'm a rolling thunder, fire and rain I'm coming on like a hurricane My lightning's flashing across the sky You're only young, but you're gonna die" Hells Bells
33%
"And the waitress is practicing politics As the businessmen slowly get stoned Yes, they're sharing a drink they call loneliness But it's better than drinkin' alone" Piano Man
33%
"Are you ready? Hey, are you ready for this? Are you hanging on the edge of your seat? Out of the doorway, the bullets rip To the sound of the beat, yeah" Another one bites the dust
28%
"Ooh, a storm is threatening My very life today If I don't get some shelter Ooh yeah I'm gonna fade away" Gimme Shelter
28%
"There's a feeling I get when I look to the West And my spirit is crying for leaving" Stairway to heaven
28%
"In my eyes Indisposed In disguises no one knows Hides the face Lies the snake And the sun in my disgrace" Black hole sun
22%
"Psychic spies from China try to steal your mind's elation And little girls from Sweden dream of silver screen quotation" Californication
22%
"When I was a child I had a fever My hands felt just like two balloons Now I've got that feeling once again I can′t explain, you would not understand This is not how I am" comfortably numb
22%
"Listen to the wind blow Watch the sun rise Run in the shadows Damn your love, damn your lies" The chain
17%
"I'm finished making sense Done pleading ignorance, that whole defense Spinning infinity, but The wheel is spinning me, it's never-ending, never-ending Same old story" The pretender
17%
"He wear no shoeshine, he got toe-jam football He got monkey finger, he shoot Coca-Cola He say, "I know you, you know me" One thing I can tell you is you got to be free" Come together
11%
"Walked out this morning, I don't believe what I saw Hundred billion bottles washed up on the shore Seems I'm not alone at being alone Hundred billion castaways, looking for a home" Message in a bottle
11%
"Which came as a surprise I spoke into his eyes "I thought you died alone A long, long time ago"" The man who sold the world
6%
"Is it the man come to take me away? Why do they follow me? It's not the future that I can see It's just my fantasy, yeah" Who can it be now
6%
Keine übereinstimmenden Quizze gefunden
Verteilung der Resultate
Anzahl Personen mit jedem Resultat
Perzentil nach korrekt beantworteten Fragen
Ihre Resultats-Entwicklung
Sie haben dieses Quiz noch nicht gespielt